000 00955nab a2200253 u 4500
001 08960
003 HDC
007 cr bn ---
008 210131p2016 xx n |0 eng
040 _aHDC
100 _aNorazla A. Wahab,
_eauthor
_99374
245 0 _aCONTRIBUTIONS OF MALAYSIA AND SINGAPORE IN THE DEVELOPMENT OF HALAL INDUSTRY IN THE ASEAN REGION /
_cby Norazla A. Wahab [and 7 others]
260 _a[No place] :
_b[publisher not identified],
_c2016
300 _a1 online resource (11 pages)
336 _atext
_2rdacontent
337 _acomputer
_2rdamedia
338 _aonline resource
_2rdacarrier
650 _aHalal food industry
_zMalaysia
_9218
650 _aHalal food industry
_zSingapore
_91556
856 _zRequest full-text at [email protected]
942 _2lcc
942 _cAR
942 _kJART 000119
999 _c6283
_d6283